000 01265nam0a2200301 4500
001 RU\NLR\bibl\2060202
005 20260408195455.0
010 _a978-5-9950-0032-7
_93000
035 _a(NLR Aleph) 002046961
090 _a4623169
_c4623169
100 _a20130806d2009 |||y0rusy50 ca
101 0 _arus
102 _aRU
105 _ac |||||||||
200 1 _aСоветский спецназ в Афганистане
_fВ.В. Малеванный
210 _aМосква
_cКучково поле
_d2009
215 _a383 с.
_cпортр.
_d21
225 1 _aТайны спецслужб
300 _aНа шмуцтит.: К 90-летию вывода советских войск из Афганистана
606 _aВойска специального назначения
_xБоевые действия
_yАфганистан
_z1979 - 1989
_jВоспоминания, записки и т.п.
_3RU\NLR\auth\661396584
_92335940
686 _aЦ68,6(2)2-54,013
686 _aЦ35(0)635.4,013
700 1 _aМалеванный
_bВ. В.
_gВалерий Васильевич
_4070
801 0 _aRU
_bNLR
_c20130806
_gRCR
801 1 _aRU
_bNLR
_c20130806
942 _cBOOK
980 _aNB